000 01808cam a2200277 i 4500
999 _c10270
_d10270
001 912007684
003 OCoLC
005 20241126110728.0
008 150817s2016 nyu 000 0 eng
010 _a2015031773
020 _a9780399176838 (paperback)
020 _a0399176837 (paperback)
020 _a9781444794489
035 _a(OCoLC)912007684
040 _aDLC
_beng
_erda
_cDLC
_dYDX
_dYDXCP
_dBTCTA
_dBDX
_dOCLCF
_dNYP
042 _apcc
082 _a153.35
_bJUD
092 _a153.35
_bJ92A
100 1 _aJudkins, Rod
_917852
245 1 4 _aThe art of creative thinking :
_b89 ways to see things differently /
_cRod Judkins
264 1 _aGreat Britain :
_bSceptre,
_cc2015
300 _a281 pages ;
_c19 cm
520 _a"An inspiration-sparking look at creativity, featuring brief examples of artists, writers, and innovators who have broken the mold. In succinct and engaging entries, Rod Judkins, a lecturer at the world-famous Central Saint Martin's College of Art, collects inspiring examples of creative thinkers throughout history, showing how we can all learn from them to improve our lives and our work. The Art of Creative Thinking presents an extraordinary array of examples, from the Dada Manifesto and Andy Warhol's Factory to the films of Ed Wood and the catwalks of Alexander McQueen, along with many others. Readers will learn about the most successful class in educational history (in which every student won a Nobel Prize), how frozen peas were invented, and why 95 percent of Apocalypse Now ended up on the cutting-room floor. Takeaways include: - Be stubborn about compromise. - Plan to have more accidents. - Be mature enough to be childish. - Contradict yourself more often"--
_cProvided by publisher
650 0 _aCreative thinking
_vMiscellanea
_917853
942 _2ddc
_cBK